000 00346 a2200109 4500
001 ART_38961
005 20260410161740.0
008 260409a
245 1 0 _aInconstitucionalidad de la opción en el régimen de riesgos del trabajo
100 1 _aFormaro, Juan J.
773 0 _tDoctrina laboral
_g- Nº 343 (mar. 2014)
_wREV4049
999 _c18640
_d18640